Bases for vegetarianism / (Record no. 6904)

MARC details
000 -LEADER
fixed length control field 00742nab a22002297a 4500
003 - CONTROL NUMBER IDENTIFIER
control field OSt
005 - DATE AND TIME OF LATEST TRANSACTION
control field 20250402092532.0
008 - FIXED-LENGTH DATA ELEMENTS--GENERAL INFORMATION
fixed length control field 250327t1993 |||||||| |||| 00| 0 eng d
022 ## - INTERNATIONAL STANDARD SERIAL NUMBER
International Standard Serial Number 0115-0839
040 ## - CATALOGING SOURCE
Transcribing agency JMCFI - Learning Resource Center
082 ## - DEWEY DECIMAL CLASSIFICATION NUMBER
Classification number Per. 613.'051 H434 1993
100 ## - MAIN ENTRY--PERSONAL NAME
Personal name Jain, D. C
9 (RLIN) 23770
245 ## - TITLE STATEMENT
Title Bases for vegetarianism /
Statement of responsibility, etc. D. C. Jain.
260 ## - PUBLICATION, DISTRIBUTION, ETC.
Place of publication, distribution, etc. Manila :
Name of publisher, distributor, etc. Philippine Publishing House,
Date of publication, distribution, etc. 1993.
650 ## - SUBJECT ADDED ENTRY--TOPICAL TERM
Topical term or geographic name entry element Vegetarianism.
9 (RLIN) 12981
650 ## - SUBJECT ADDED ENTRY--TOPICAL TERM
Topical term or geographic name entry element Diet.
9 (RLIN) 5476
650 ## - SUBJECT ADDED ENTRY--TOPICAL TERM
Topical term or geographic name entry element Health.
9 (RLIN) 3920
650 ## - SUBJECT ADDED ENTRY--TOPICAL TERM
Topical term or geographic name entry element Nutrition.
9 (RLIN) 2019
650 ## - SUBJECT ADDED ENTRY--TOPICAL TERM
Topical term or geographic name entry element Food habits.
9 (RLIN) 21694
773 ## - HOST ITEM ENTRY
Related parts , volume 34, number 5 (September-October 1993) pages 38-39.
Title Health & Home : The National Journal of Better Living
942 ## - ADDED ENTRY ELEMENTS (KOHA)
Koha item type Periodicals
Suppress in OPAC No
Source of classification or shelving scheme Library of Congress Classification
Holdings
Withdrawn status Lost status Source of classification or shelving scheme Damaged status Not for loan Home library Current library Date acquired Total Checkouts Call number Date last seen Price effective from Koha item type
    Library of Congress Classification     LRC - College (Main) LRC - College (Main) 03/27/2025   Per. 613.'051 H434 1993 03/27/2025 03/27/2025 Periodicals